<?xml version="1.0" encoding="UTF-8"?>
<record
    xmlns:xsi="http://www.w3.org/2001/XMLSchema-instance"
    xsi:schemaLocation="http://www.loc.gov/MARC21/slim http://www.loc.gov/standards/marcxml/schema/MARC21slim.xsd"
    xmlns="http://www.loc.gov/MARC21/slim">

  <leader>01122nam a22001697a 4500</leader>
  <controlfield tag="003">OSt</controlfield>
  <controlfield tag="005">20251216085355.0</controlfield>
  <controlfield tag="008">251216b        |||||||| |||| 00| 0 eng d</controlfield>
  <datafield tag="040" ind1=" " ind2=" ">
    <subfield code="c">DCL</subfield>
  </datafield>
  <datafield tag="082" ind1=" " ind2=" ">
    <subfield code="a">&#x1042;&#x1049;&#x1044;.&#x1043;&#x1048;&#x1042;&#x1044;</subfield>
  </datafield>
  <datafield tag="110" ind1=" " ind2=" ">
    <subfield code="a">&#x1021;&#x1031;&#x102C;&#x1004;&#x103A;&#x1019;&#x1004;&#x103A;&#x1039;&#x1002;&#x101C;&#x102C;&#x1013;&#x1019;&#x1039;&#x1019;&#x101E;&#x102D;&#x1015;&#x1039;&#x1015;&#x102B;&#x101C;&#x101A;&#x1021;&#x1016;&#x103D;&#x1032;&#x1037;&#x104B;</subfield>
  </datafield>
  <datafield tag="245" ind1="1" ind2="0">
    <subfield code="a">&#x1021;&#x1018;&#x102D;&#x1013;&#x1019;&#x1039;&#x1019;&#x102C; (&#x1015;&#x1011;&#x1019;&#x1006;&#x1004;&#x1037;&#x103A;) &#x1019;&#x103E;&#x1010;&#x103A;&#x1005;&#x102F;&#x104A; (&#x1005;&#x102D;&#x1010;&#x103A;&#x104A; &#x1005;&#x1031;&#x1010;&#x101E;&#x102D;&#x1000;&#x103A;&#x104A; &#x1015;&#x1000;&#x102D;&#x100F;&#x103A;&#x1038;) /</subfield>
    <subfield code="c">&#x1021;&#x1031;&#x102C;&#x1004;&#x103A;&#x1019;&#x1004;&#x103A;&#x1039;&#x1002;&#x101C;&#x102C;&#x1013;&#x1019;&#x1039;&#x1019;&#x101E;&#x102D;&#x1015;&#x1039;&#x1015;&#x102B;&#x101C;&#x101A;&#x1021;&#x1016;&#x103D;&#x1032;&#x1037;&#x104B;</subfield>
  </datafield>
  <datafield tag="264" ind1=" " ind2=" ">
    <subfield code="a">&#x1019;&#x1014;&#x1039;&#x1010;&#x101C;&#x1031;&#x1038; &#x104A;                                                                                                                                                                                                                                                                            </subfield>
    <subfield code="b">[&#x1011;&#x102F;&#x1010;&#x103A;&#x101D;&#x1031;&#x101E;&#x1030;&#x1019;&#x1015;&#x102B;]&#x104A;</subfield>
    <subfield code="c">&#x1042;&#x1040;&#x1041;&#x1044;&#x104B;</subfield>
  </datafield>
  <datafield tag="300" ind1=" " ind2=" ">
    <subfield code="a">&#x1047;&#x1045; &#x1005;&#x102C;&#x1019;&#x103B;&#x1000;&#x103A;&#x1014;&#x103E;&#x102C; &#x104A;</subfield>
    <subfield code="c">&#x1042;&#x1049; &#x1005;&#x1004;&#x103A;&#x1010;&#x102E;&#x104B;</subfield>
  </datafield>
  <datafield tag="650" ind1=" " ind2=" ">
    <subfield code="a">&#x1021;&#x1018;&#x102D;&#x1013;&#x1019;&#x1039;&#x1019;&#x102C;&#x104B;</subfield>
  </datafield>
  <datafield tag="942" ind1=" " ind2=" ">
    <subfield code="2">ddc</subfield>
    <subfield code="c">SHORT TERM</subfield>
    <subfield code="n">0</subfield>
  </datafield>
  <datafield tag="952" ind1=" " ind2=" ">
    <subfield code="0">0</subfield>
    <subfield code="1">0</subfield>
    <subfield code="2">ddc</subfield>
    <subfield code="4">0</subfield>
    <subfield code="7">0</subfield>
    <subfield code="8">M</subfield>
    <subfield code="a">DHAM</subfield>
    <subfield code="b">DHAM</subfield>
    <subfield code="c">MMBS</subfield>
    <subfield code="d">2025-12-16</subfield>
    <subfield code="l">0</subfield>
    <subfield code="o">&#x1042;&#x1049;&#x1044;.&#x1043;&#x1048;&#x1042;&#x1044; &#x1021;&#x1031;&#x102C;&#x1004;&#x103A; &#x1044;&#x1041;&#x1043;&#x1049;</subfield>
    <subfield code="p">MB00004139</subfield>
    <subfield code="r">2025-12-16 08:54:26</subfield>
    <subfield code="w">2025-12-16</subfield>
    <subfield code="y">SHORT TERM</subfield>
    <subfield code="A">&#x1044;&#x1041;&#x1043;&#x1049;</subfield>
  </datafield>
  <datafield tag="999" ind1=" " ind2=" ">
    <subfield code="c">2723</subfield>
    <subfield code="d">2723</subfield>
  </datafield>
</record>
